AIR FLOW PERFOMANCE OF BUILDING EVELOPE / (Record no. 586908)

000 -LEADER
fixed length control field 00354nam a22001337a 4500
020 ## - INTERNATIONAL STANDARD BOOK NUMBER
Qualifying information HB.
040 ## - CATALOGING SOURCE
Transcribing agency FIZZA ISHAQ
082 ## - DEWEY DECIMAL CLASSIFICATION NUMBER
Classification number 693.83
Author Mark MAR
100 ## - MAIN ENTRY--PERSONAL NAME
Personal name PERSILY. K. ANDREW MARK P.,
9 (RLIN) 85224
245 ## - TITLE STATEMENT
Title AIR FLOW PERFOMANCE OF BUILDING EVELOPE /
Statement of responsibility, etc. MARK P. ANDREW K. PERSILY.
260 ## - PUBLICATION, DISTRIBUTION, ETC.
Place of publication, distribution, etc. NEW YORK :
Date of publication, distribution, etc. 1995.
300 ## - PHYSICAL DESCRIPTION
Extent 302 P. ;
942 ## - ADDED ENTRY ELEMENTS (KOHA)
Source of classification or shelving scheme
Koha item type Book
Holdings
Withdrawn status Lost status Source of classification or shelving scheme Damaged status Not for loan Permanent Location Current Location Date acquired Total Checkouts Full call number Date last seen Copy number Price effective from Koha item type
          NUST Baluchistan Campus (NBC) NUST Baluchistan Campus (NBC) 11/29/2021   693.83 MAR 11/29/2021 Q-2094 11/29/2021 Book
© 2023 Central Library, National University of Sciences and Technology. All Rights Reserved.